=LDR 00000nam 2200000 4500 =001 INLIS000000000033614 =005 20130612135546 =008 ***********************************ind** =035 ##$$0010-061300000033614 =041 ##$$a ind =082 ##$$a 613. 559 822 =090 ##$$a 613. 559 822, Kri a =100 ##$$a Kristanto, Ady =245 ##$$a alam jakata, Panduan keanekaragaman hayati yang tersisa di jakarta, Ady Kristanto, editor Frank Monibeng =260 ##$$a 2008 $b Jakarta =300 ##$$a 217 hlm, ilus, 22 cm =650 ##$$a Lingkungan hidup =650 ##$$a Momberg, Frank =850 ##$$a NBPNMAT